Normal view
MARC view
- Velasco Arroyo, Juan Carlos,
Entry Nombre Personal
001 - NUMERO DE CONTROL
- campo de control: 40590
003 - IDENTIFICADOR DE NUMERO DE CONTROL
- campo de control: UPN
005 - FECHA Y HORA DE LA ÜLTIMA TRANSACCIÓN
- campo de control: 20210219194558.0
008 - DATOS DE LONGITUD FIJA
- campo de control de longitud fija: nabaccnnaabn|||||||||| b |nc|||||d
035 ## - NUMERO DE CONTROL
- Número de control: UPN11000012697
040 ## - FUENTE DE CATALOGACIÓN
- Lenguaje de catalogación: SPA
- Agencia de transcripción: UPN
100 1# - ENCABEZAMIENTO - NOMBRE PERSONAL
- Nombre personal: Velasco Arroyo, Juan Carlos,
- Fechas asociadas con el nombre: 1963-
400 1# - VEÁSE - NOMBRE DE PERSONA
- Personal name: Velasco, Juan Carlos,
- Dates associated with a name: 1963-
670 ## - FUENTE EN LA QUE SE LOCALIZARON DATOS
- Cita de la fuente: LC/P
680 ## - NOTA PUBLICA DE ACCESO PÚBLICO
- Frase explicativa de la referencia: Filósofo español e investigador en filosofía política, ética y jurídica sobre la línea de migración internacional, multiculturalismo, democracia, derechos humanos y ciudadanía
902 ## - CATALOGADOR
- Catalogador: CAA/130917
